[Event "Titled Tue 3rd Jan Late"]
[Site "chess.com INT"]
[Date "2025.06.03"]
[Round "6"]
[White "Mekhitarian, Krikor Sevag"]
[Black "Araujo Filho, Luiz Antonio Coel"]
[Result "1-0"]
[WhiteTitle "GM"]
[WhiteElo "2564"]
[BlackElo "2077"]
[WhiteFideId "2107660"]
[BlackFideId "2130661"]
[EventDate "2025.06.03"]

1. Nf3 f5 2. d3 Nf6 3. e4 d6 4. Nc3 g6 5. exf5 Bxf5 6. d4 Bg7 7. Bc4 d5 8. Bd3
Bxd3 9. Qxd3 O-O 10. O-O c6 11. Re1 Qd6 12. Qe2 Re8 13. g3 Nh5 14. Ne5 Nd7 15.
f4 Nxe5 16. dxe5 Qc5+ 17. Be3 d4 18. Ne4 Qb6 19. Qc4+ Kh8 20. Bxd4 Qc7 21. Ng5
h6 22. Ne6 Qa5 23. b4 Qa4 24. g4 b5 25. Qb3 Qxb3 26. axb3 1-0

[Event "Titled Tue 3rd Jan Late"]
[Site "chess.com INT"]
[Date "2025.06.03"]
[Round "6"]
[White "Harish, Neeraj"]
[Black "Tilahun, Abel Mathewos"]
[Result "1-0"]
[WhiteTitle "CM"]
[BlackTitle "CM"]
[WhiteElo "2192"]
[BlackElo "1944"]
[WhiteFideId "30958130"]
[BlackFideId "15702391"]
[EventDate "2025.06.03"]

1. c4 g6 2. g3 Bg7 3. Bg2 Nf6 4. d4 O-O 5. Nf3 d6 6. O-O c5 7. d5 e6 8. Nc3 Re8
9. Nd2 exd5 10. cxd5 a6 11. a4 Nbd7 12. Nc4 Ne5 13. Nxe5 Rxe5 14. f4 Re8 15. e4
Nd7 16. Be3 Rb8 17. Bf2 b5 18. axb5 axb5 19. Rb1 b4 20. Ne2 Ba6 21. Re1 Qb6 22.
b3 Bxe2 23. Qxe2 Ra8 24. Qg4 Nf6 25. Qf3 Ra2 26. e5 Nd7 27. e6 fxe6 28. dxe6 Nf6
29. Re2 Rxe2 30. Qxe2 d5 31. Re1 Re7 32. g4 Kf8 33. g5 Ne4 34. Bxe4 Rxe6 35. Qc2
dxe4 36. Bxc5+ 1-0

[Event "Titled Tue 3rd Jan Late"]
[Site "chess.com INT"]
[Date "2025.06.03"]
[Round "6"]
[White "Morris-Suzuki, Alan H"]
[Black "Cornelisse, Lorelei"]
[Result "0-1"]
[BlackTitle "WFM"]
[WhiteElo "1986"]
[BlackElo "2132"]
[WhiteFideId "30933218"]
[BlackFideId "1087177"]
[EventDate "2025.06.03"]

1. Nf3 g6 2. d4 Bg7 3. c4 d6 4. Nc3 f5 5. e4 fxe4 6. Nxe4 Nf6 7. Bd3 Bf5 8. Neg5
Qd7 9. d5 O-O 10. Nd4 Bxd3 11. Qxd3 Qg4 12. Nge6 Qxg2 13. Rf1 Nbd7 14. Be3 Ne5
15. Qe2 Nfg4 16. O-O-O Nxe3 17. Qxe3 Nxc4 18. Qe2 Bh6+ 19. Kc2 Qxd5 20. Nxf8
Rxf8 21. Ne6 Na3+ 22. Kc3 Rf3+ 23. Rd3 Qc4# 0-1

[Event "Titled Tue 3rd Jan Late"]
[Site "chess.com INT"]
[Date "2025.06.03"]
[Round "6"]
[White "Niemann, Hans Moke"]
[Black "Grigorjev, Iljya"]
[Result "1-0"]
[WhiteTitle "GM"]
[BlackTitle "IM"]
[WhiteElo "2736"]
[BlackElo "2433"]
[WhiteFideId "2093596"]
[BlackFideId "24159565"]
[EventDate "2025.06.03"]

1. e4 e5 2. Nf3 Nc6 3. Bc4 Nf6 4. d3 h6 5. O-O d6 6. a3 g5 7. Nc3 Bg7 8. h3 O-O
9. Be3 Ne7 10. d4 exd4 11. Bxd4 Nc6 12. Be3 Be6 13. Qd3 Nd7 14. Bd5 Nce5 15.
Nxe5 Nxe5 16. Qe2 c6 17. Bb3 Bxb3 18. cxb3 Ng6 19. Rad1 Qe7 20. Rfe1 Kh7 21. Qc2
Qe6 22. Ne2 Rfe8 23. Ng3 Be5 24. Nf5 Ne7 25. Nxd6 Bxd6 26. e5+ Qf5 27. Qxf5+
Nxf5 28. exd6 Nxe3 29. d7 Red8 30. Rxe3 Kg7 31. Rd6 a5 32. h4 gxh4 33. Kh2 Ra7
34. Re8 Raa8 35. Rxd8 Rxd8 36. Kh3 Kf8 37. Kxh4 Ke7 38. Rd2 h5 39. g3 b5 40.
Kxh5 Rh8+ 41. Kg5 Kd8 42. Kf6 Rh7 43. g4 Rh4 44. f3 Rh3 45. f4 1-0

[Event "Titled Tue 3rd Jan Late"]
[Site "chess.com INT"]
[Date "2025.06.03"]
[Round "6"]
[White "Sobek, Jaroslav"]
[Black "Shymanskyi, Oleksandr"]
[Result "0-1"]
[WhiteTitle "FM"]
[BlackTitle "FM"]
[WhiteElo "2195"]
[BlackElo "2218"]
[WhiteFideId "301388"]
[BlackFideId "14168880"]
[EventDate "2025.06.03"]

1. d4 d5 2. c4 e6 3. Nc3 c5 4. cxd5 cxd4 5. Qa4+ Bd7 6. Qxd4 exd5 7. Qxd5 Nf6 8.
Qxb7 Bc6 9. Qb3 Bc5 10. e3 O-O 11. Nf3 Nbd7 12. Be2 Rb8 13. Qc2 Bd6 14. O-O Ng4
15. h3 Nge5 16. Nxe5 Nxe5 17. Rd1 Qe7 18. Ne4 Bc7 19. f4 Qh4 20. Nf2 Qg3 21. e4
Bb6 22. Bg4 Bxe4 23. Qxe4 Qxf2+ 24. Kh1 Nxg4 0-1

[Event "Titled Tue 3rd Jan Late"]
[Site "chess.com INT"]
[Date "2025.06.03"]
[Round "6"]
[White "Gonzalez Vega, Alejandro"]
[Black "Diaz Cesar, Wilsaida Pieranlly"]
[Result "1-0"]
[WhiteTitle "FM"]
[BlackTitle "WFM"]
[WhiteElo "2092"]
[BlackElo "1892"]
[WhiteFideId "3510042"]
[BlackFideId "6403557"]
[EventDate "2025.06.03"]

1. d4 d5 2. c4 e6 3. Nc3 c6 4. cxd5 exd5 5. Bf4 Nf6 6. e3 Be7 7. Bd3 Nbd7 8. Nf3
O-O 9. Qc2 h6 10. O-O Nh5 11. Be5 Bf6 12. Bd6 Re8 13. g4 Nb6 14. gxh5 Qxd6 15.
Bf5 Bxf5 16. Qxf5 Nc4 17. b3 Nb6 18. Kh1 Kh8 19. Rg1 c5 20. Rad1 c4 21. Rg3 cxb3
22. axb3 Nc8 23. Rdg1 Ne7 24. Qd3 Rac8 25. Ne2 Qb4 26. Ne5 Bxe5 27. dxe5 Qe4+
28. Qxe4 dxe4 29. Rxg7 Rc2 30. Nf4 Rxf2 31. Rxf7 Nd5 32. Ng6+ Kg8 33. Rxf2 Nxe3 1-0

[Event "Titled Tue 3rd Jan Late"]
[Site "chess.com INT"]
[Date "2025.06.03"]
[Round "6"]
[White "Gerbelli Neto, Eduardo"]
[Black "Bongo Akanga Ndjila, Barthelemy"]
[Result "1-0"]
[BlackTitle "CM"]
[WhiteElo "2114"]
[BlackElo "1847"]
[WhiteFideId "2103281"]
[BlackFideId "10609431"]
[EventDate "2025.06.03"]

1. e4 e6 2. d4 d5 3. Nc3 Nf6 4. e5 Nfd7 5. Nf3 c5 6. dxc5 Bxc5 7. Bd3 Nc6 8. Bf4
Be7 9. h4 Nb4 10. Be2 Nc5 11. h5 Ne4 12. O-O g5 13. hxg6 hxg6 14. Nxe4 dxe4 15.
Qxd8+ Bxd8 16. Nd4 Nd5 17. Bg3 Bb6 18. Nb5 Kf8 19. c4 Ne7 20. b4 Nf5 21. c5 Bd8
22. Bf4 g5 23. Be3 Bd7 24. Nd6 Bc6 25. Rfd1 Bd5 26. Bc4 Nxe3 27. fxe3 Bxc4 28.
Nxc4 g4 29. Rd7 Rb8 30. Rf1 Rh7 31. Nd6 Bg5 32. Rfxf7+ Rxf7 33. Rxf7+ Kg8 34.
Kf2 b6 35. c6 1-0

[Event "Titled Tue 3rd Jan Late"]
[Site "chess.com INT"]
[Date "2025.06.03"]
[Round "6"]
[White "Maklakova, Nellija"]
[Black "Alazmi, Amani"]
[Result "0-1"]
[BlackTitle "WCM"]
[WhiteElo "1926"]
[BlackElo "1725"]
[WhiteFideId "11603470"]
[BlackFideId "10303553"]
[EventDate "2025.06.03"]

1. d4 d5 2. Nf3 e6 3. g3 Nf6 4. Bg2 Be7 5. c4 c6 6. O-O O-O 7. Nc3 Nbd7 8. b3 b6
9. Bb2 Ba6 10. c5 bxc5 11. Rc1 cxd4 12. Nxd4 Rc8 13. Na4 c5 14. Nf3 Qa5 15. Bc3
Qb5 16. Re1 c4 17. Nd4 Qb8 18. Rb1 Qc7 19. Qd2 Nc5 20. Nxc5 Bxc5 21. e4 cxb3 22.
Rxb3 dxe4 23. Bxe4 Rfd8 24. Rc1 Nxe4 0-1

[Event "Titled Tue 3rd Jan Late"]
[Site "chess.com INT"]
[Date "2025.06.03"]
[Round "6"]
[White "Borisov, Yuri"]
[Black "Hoeffer, David"]
[Result "1-0"]
[WhiteTitle "FM"]
[BlackTitle "FM"]
[WhiteElo "2285"]
[BlackElo "2295"]
[WhiteFideId "1503928"]
[BlackFideId "24606766"]
[EventDate "2025.06.03"]

1. e4 e5 2. f4 Nc6 3. Nc3 Bc5 4. Nf3 d6 5. Bb5 Bd7 6. d3 Nge7 7. Na4 exf4 8.
Nxc5 dxc5 9. Bxf4 Ng6 10. Bg5 f6 11. Be3 b6 12. Bc4 Nce5 13. Nxe5 Nxe5 14. Qh5+
g6 15. Qh6 Qe7 16. O-O-O Ng4 17. Qf4 Nxe3 18. Qxe3 O-O-O 19. Ba6+ Kb8 20. Rhf1
Bc6 21. Qf4 Rhf8 22. Rf2 f5 23. Rdf1 g5 24. Qg3 f4 25. Qg4 Bd7 26. Qh5 Be8 27.
Qh6 Rd6 28. Qh3 h5 29. Qc8# 1-0

[Event "Titled Tue 3rd Jan Late"]
[Site "chess.com INT"]
[Date "2025.06.03"]
[Round "6"]
[White "Kovacs, Reka"]
[Black "Cagliumi, Rodrigo Cesar"]
[Result "0-1"]
[WhiteTitle "WCM"]
[WhiteElo "1963"]
[BlackElo "2121"]
[WhiteFideId "790702"]
[BlackFideId "2109573"]
[EventDate "2025.06.03"]

1. e4 c5 2. Nf3 d6 3. d4 cxd4 4. Qxd4 Nf6 5. Nc3 Nc6 6. Bb5 Bd7 7. Bxc6 Bxc6 8.
Bg5 e6 9. O-O-O Be7 10. Qd3 Qc7 11. Nd4 O-O-O 12. f3 Kb8 13. Kb1 Rc8 14. Be3 Qa5
15. Ndb5 a6 16. Nxd6 Rhd8 17. e5 Qxe5 18. Nxf7 Rxd3 19. Nxe5 Rxe3 20. Nc4 Rxc3
21. bxc3 Nd5 22. Kb2 Bf6 23. Rd3 Nxc3 24. Nd6 Nb5+ 25. Kc1 Nxd6 26. Rxd6 Bd5 27.
Rd1 Rc5 28. Rd7 Bg5+ 29. Kb2 Kc8 30. Rf7 Bf6+ 31. Kb1 Rb5+ 32. Kc1 Ra5 0-1

[Event "Titled Tue 3rd Jan Late"]
[Site "chess.com INT"]
[Date "2025.06.03"]
[Round "6"]
[White "Zhukovskyi, Oleksandr"]
[Black "Ghoreishi Amiri, Seyed Kian"]
[Result "0-1"]
[WhiteTitle "CM"]
[BlackTitle "CM"]
[WhiteElo "2153"]
[BlackElo "2215"]
[WhiteFideId "14169371"]
[BlackFideId "36757527"]
[EventDate "2025.06.03"]

1. b3 e5 2. Bb2 Nc6 3. c4 Nf6 4. Nf3 e4 5. Nd4 Bc5 6. Nf5 O-O 7. e3 d5 8. cxd5
Qxd5 9. Ng3 Bg4 10. Qc1 Rad8 11. Nc3 Qd7 12. Ncxe4 Nxe4 13. Nxe4 Bb4 14. Bc3
Bxc3 15. Qxc3 Rfe8 16. Nc5 Qc8 17. Bc4 Ne5 18. d4 Ng6 19. O-O Nh4 20. Nd3 Bh3
21. gxh3 Qxh3 22. Nf4 Nf3+ 0-1

[Event "Titled Tue 3rd Jan Late"]
[Site "chess.com INT"]
[Date "2025.06.03"]
[Round "6"]
[White "Kiseleva, Arina"]
[Black "Escareno Rojas, Angel Salvador"]
[Result "0-1"]
[WhiteTitle "WCM"]
[WhiteElo "1994"]
[BlackElo "1965"]
[WhiteFideId "4164989"]
[BlackFideId "5107733"]
[EventDate "2025.06.03"]

1. d4 Nf6 2. Nf3 e6 3. e3 d5 4. Bd3 c5 5. b3 Bd6 6. O-O b6 7. Qe2 Bb7 8. Bb2 O-O
9. Nbd2 Re8 10. Ne5 Nfd7 11. Bxh7+ Kf8 12. Nxf7 Kxf7 13. Qh5+ Ke7 14. dxc5 Nxc5
15. Bg6 Rh8 16. Qf3 Bxh2+ 17. Kh1 Be5+ 18. Kg1 Bxb2 19. Qf7+ Kd6 20. b4 Qh4 21.
bxc5+ bxc5 22. Qf4+ Qxf4 23. exf4 Bxa1 24. Rxa1 Rh6 25. Bd3 Nc6 26. c3 c4 27.
Bc2 e5 28. f5 Ba6 29. Nf3 e4 30. Ng5 Rf6 31. g4 g6 32. Nh7 Rf7 33. Ng5 Rff8 34.
fxg6 Rg8 35. Rd1 Rxg6 36. Nxe4+ Ke5 37. Nc5 Rxg4+ 38. Kf1 Bc8 39. Re1+ Kd6 40.
Na4 Rg5 41. Re8 Bh3+ 42. Ke1 Rxe8+ 0-1

[Event "Titled Tue 3rd Jan Late"]
[Site "chess.com INT"]
[Date "2025.06.03"]
[Round "6"]
[White "Yue, Tariq"]
[Black "Asish Panda"]
[Result "0-1"]
[WhiteTitle "CM"]
[WhiteElo "2192"]
[BlackElo "1911"]
[WhiteFideId "30975182"]
[BlackFideId "45012458"]
[EventDate "2025.06.03"]

1. Nf3 d5 2. b3 Nf6 3. Bb2 e6 4. e3 Be7 5. c4 O-O 6. d4 b6 7. Nbd2 Bb7 8. cxd5
exd5 9. Bd3 Nbd7 10. O-O Ne4 11. Rc1 c5 12. dxc5 Ndxc5 13. Bb1 Bf6 14. Nd4 Re8
15. N2f3 Rc8 16. b4 Ne6 17. Nxe6 Rxe6 18. Bxf6 Nxf6 19. Nd4 Re8 20. Bf5 Rxc1 21.
Qxc1 Qd6 22. a3 g6 23. Bh3 Ne4 24. g3 f5 25. Qb2 Rc8 26. Rc1 Rc4 27. Bf1 Rxc1
28. Qxc1 a5 29. bxa5 bxa5 30. Nb5 Qc5 31. Qb2 Ba6 32. a4 Ng5 33. Qf6 Nf3+ 34.
Kg2 Ne1+ 35. Kh1 Bc8 36. Nd6 Qc7 37. Qe5 Bb7 38. Nxb7 Qxe5 0-1

[Event "Titled Tue 3rd Jan Late"]
[Site "chess.com INT"]
[Date "2025.06.03"]
[Round "6"]
[White "Do Carmo, Gabriel Carckeno"]
[Black "Sairam, Pranav"]
[Result "0-1"]
[WhiteElo "2021"]
[BlackElo "2015"]
[WhiteFideId "22783024"]
[BlackFideId "30951330"]
[EventDate "2025.06.03"]

1. c4 e6 2. Nf3 d5 3. e3 Nf6 4. b3 Bd6 5. Bb2 O-O 6. Nc3 c6 7. d4 Nbd7 8. Bd3
Qe7 9. O-O dxc4 10. Bxc4 e5 11. dxe5 Nxe5 12. Be2 Nfg4 13. h3 Nxf3+ 14. Bxf3 Qe5
15. g3 Nxe3 16. Qe2 Nxf1 17. Qxf1 Qf5 18. Bg2 Be5 19. Re1 Be6 20. Qe2 Bf6 21. f4
Rad8 22. g4 Qxf4 23. Rf1 Qd4+ 24. Kh1 Qd2 0-1

[Event "Titled Tue 3rd Jan Late"]
[Site "chess.com INT"]
[Date "2025.06.03"]
[Round "6"]
[White "Ambartsumova, Karina"]
[Black "Jing, Andrew"]
[Result "1-0"]
[WhiteTitle "IM"]
[BlackTitle "FM"]
[WhiteElo "2403"]
[BlackElo "2254"]
[WhiteFideId "4166299"]
[BlackFideId "30984076"]
[EventDate "2025.06.03"]

1. Nf3 Nf6 2. c4 g6 3. Nc3 Bg7 4. g3 O-O 5. Bg2 d6 6. d4 Nc6 7. O-O a6 8. Bf4
Rb8 9. Rc1 Nh5 10. Bg5 h6 11. Be3 e5 12. dxe5 dxe5 13. Nd5 Be6 14. Bc5 Re8 15.
e4 b6 16. Ba3 Nd4 17. Nxd4 exd4 18. f4 c6 19. Nb4 Qc8 20. e5 Bd7 21. c5 a5 22.
Nc2 b5 23. b3 Bg4 24. Qxd4 Rd8 25. Qf2 Bf8 26. Nd4 b4 27. Bb2 Rd5 28. Bxd5 cxd5
29. c6 Qc7 30. Rfe1 Ng7 31. e6 Nxe6 32. f5 gxf5 33. Nxe6 fxe6 34. Rxe6 Qf7 35.
Rf6 Qg7 36. c7 Rc8 37. Rxf5 Rxc7 38. Rxc7 1-0

[Event "Titled Tue 3rd Jan Late"]
[Site "chess.com INT"]
[Date "2025.06.03"]
[Round "6"]
[White "Wael Sabry, Mina"]
[Black "Distaso, Antonio Pio"]
[Result "1-0"]
[WhiteTitle "FM"]
[WhiteElo "2094"]
[BlackElo "2253"]
[WhiteFideId "10670173"]
[BlackFideId "805548"]
[EventDate "2025.06.03"]

1. d4 d5 2. Nc3 Nf6 3. Bf4 e6 4. Nb5 Na6 5. e3 c6 6. Nc3 Be7 7. Nf3 O-O 8. Be2
Bd7 9. Bxa6 bxa6 10. Na4 Qa5+ 11. c3 c5 12. Nxc5 Bxc5 13. dxc5 Qxc5 14. O-O Ne4
15. Nd2 Nxd2 16. Qxd2 f6 17. Rfd1 Qb6 18. e4 Bc6 19. exd5 Bxd5 20. b3 Qb7 21. f3
Rad8 22. Qe2 e5 23. Be3 Be6 24. Qf2 Qc7 25. c4 Rxd1+ 26. Rxd1 Rd8 27. Rxd8+ Qxd8
28. h4 Qd1+ 29. Kh2 f5 30. Bxa7 e4 31. fxe4 fxe4 32. Bc5 Qd8 33. Bd4 h6 34. c5
Qd5 35. b4 Kh7 36. a4 Qc4 37. Qd2 Bd5 38. Be3 Be6 39. Qd6 Qb3 40. Bf4 Bf5 41. c6 1-0

[Event "Titled Tue 3rd Jan Late"]
[Site "chess.com INT"]
[Date "2025.06.03"]
[Round "6"]
[White "Elier, Ali"]
[Black "Jaskolka, Tomasz"]
[Result "1-0"]
[WhiteTitle "CM"]
[BlackTitle "CM"]
[WhiteElo "2142"]
[BlackElo "2200"]
[WhiteFideId "16217543"]
[BlackFideId "1170791"]
[EventDate "2025.06.03"]

1. c4 g6 2. g3 Bg7 3. Bg2 c6 4. Nc3 Nf6 5. e4 d6 6. Nge2 Nbd7 7. O-O O-O 8. d3
e5 9. h3 Nc5 10. Be3 Ne6 11. f4 exf4 12. gxf4 d5 13. cxd5 cxd5 14. e5 Nh5 15. d4
Bd7 16. f5 Nc7 17. f6 Bh8 18. Kh2 Be6 19. Bf3 Nxf6 20. exf6 Bxf6 21. Nf4 Re8 22.
Nxe6 Rxe6 23. Bf4 Bg5 24. Qd2 Bxf4+ 25. Qxf4 Rf6 26. Qg3 Ne6 27. Nxd5 Rf5 28.
Ne3 Rg5 29. Qf2 Qd6+ 30. Kh1 Nxd4 31. Bxb7 Rf8 32. Rad1 Qe6 33. Bg2 Nf5 34. Nxf5
Rxf5 35. Qxa7 Rh5 36. Rd3 Rd8 37. Rdf3 Rd7 38. Qe3 Qd6 39. Qe8+ Kg7 40. Rxf7+
Rxf7 41. Qxf7+ Kh6 42. Qf8+ Qxf8 43. Rxf8 Rb5 44. Rf2 Ra5 45. b4 Ra3 46. Rb2 Ra6
47. b5 Rb6 48. a4 Kg5 49. a5 Re6 50. b6 Kh4 51. Kh2 g5 52. b7 g4 53. b8=Q h5 54.
Qd8+ Re7 55. Qxe7# 1-0

[Event "Titled Tue 3rd Jan Late"]
[Site "chess.com INT"]
[Date "2025.06.03"]
[Round "6"]
[White "Matta, Vinay Kumar"]
[Black "De Sousa, Antonio Micaias Silva"]
[Result "1-0"]
[WhiteTitle "FM"]
[WhiteElo "2120"]
[BlackElo "2007"]
[WhiteFideId "5016649"]
[BlackFideId "22798528"]
[EventDate "2025.06.03"]

1. e4 c5 2. Nf3 e6 3. d4 cxd4 4. Nxd4 a6 5. Bd3 Qc7 6. O-O Nf6 7. Qe2 Bd6 8. g3
Nc6 9. Nxc6 bxc6 10. Nd2 e5 11. Nc4 Be7 12. f4 d6 13. Be3 Rb8 14. b3 Bh3 15.
Rfe1 O-O 16. f5 d5 17. Nd2 Bg4 18. Qg2 Qc8 19. h3 dxe4 20. hxg4 exd3 21. g5 Nd5
22. f6 Nxe3 23. Qe4 Bc5 24. fxg7 Re8 25. Rxe3 Bxe3+ 26. Qxe3 dxc2 27. Ne4 Kxg7
28. Rf1 Qg4 29. Qf2 Qe6 30. Nf6 Red8 31. Qh2 Rh8 32. Qh6# 1-0

[Event "Titled Tue 3rd Jan Late"]
[Site "chess.com INT"]
[Date "2025.06.03"]
[Round "6"]
[White "Minko, Dmitry"]
[Black "Khodabandeh, Milad"]
[Result "1-0"]
[WhiteTitle "FM"]
[BlackTitle "CM"]
[WhiteElo "2247"]
[BlackElo "1957"]
[WhiteFideId "24188468"]
[BlackFideId "12538620"]
[EventDate "2025.06.03"]

1. e4 e5 2. Nf3 Nc6 3. d4 exd4 4. Nxd4 Nf6 5. Nc3 Bb4 6. Nxc6 bxc6 7. Bd3 d5 8.
exd5 cxd5 9. O-O O-O 10. Bg5 c6 11. Qf3 Bd6 12. h3 Rb8 13. Rab1 h6 14. Bh4 Rb4
15. Bg3 Re8 16. b3 a5 17. Rfe1 Bxg3 18. Qxg3 Rb7 19. Rxe8+ Nxe8 20. Re1 Be6 21.
Ne2 Re7 22. Nd4 Bd7 23. Re3 c5 24. Nf5 Bxf5 25. Bxf5 Rxe3 26. Qxe3 d4 27. Qe5 g6
28. Bd3 Qc8 29. Bc4 h5 30. Qe7 Kg7 31. Qxf7+ Kh6 32. Qf8+ Kg5 33. h4+ Kxh4 34.
Qe7+ Kg4 35. Be6+ 1-0

[Event "Titled Tue 3rd Jan Late"]
[Site "chess.com INT"]
[Date "2025.06.03"]
[Round "6"]
[White "Gimeno Martos, Roberto"]
[Black "Vasenev, Sergey"]
[Result "0-1"]
[WhiteTitle "CM"]
[BlackTitle "FM"]
[WhiteElo "2090"]
[BlackElo "2283"]
[WhiteFideId "2226804"]
[BlackFideId "4126858"]
[EventDate "2025.06.03"]

1. d4 Nf6 2. Nf3 b6 3. g3 g6 4. Bg2 Bb7 5. O-O Bg7 6. c3 O-O 7. Re1 d5 8. Nbd2
Nbd7 9. Ne5 c5 10. Nxd7 Nxd7 11. Nf3 e5 12. dxe5 Nxe5 13. Nxe5 Bxe5 14. Bh6 Re8
15. Qd2 Qd7 16. Rad1 Rad8 17. Bg5 f6 18. Bf4 Bxf4 19. Qxf4 Qd6 20. Qxd6 Rxd6 21.
c4 Red8 22. Rd2 Kf7 23. Red1 Ke6 24. cxd5+ Bxd5 25. e4 Bxa2 26. Bh3+ Ke7 27.
Rxd6 Rxd6 28. Ra1 Be6 29. Rxa7+ Rd7 30. Rxd7+ Kxd7 31. Bxe6+ Kxe6 32. f4 c4 33.
Kf2 Kd6 34. Ke3 Kc5 35. g4 b5 36. h4 h6 37. f5 gxf5 38. exf5 Kd5 39. Kf4 b4 40.
Ke3 Ke5 41. h5 c3 42. bxc3 bxc3 43. Kd3 Kf4 44. Kxc3 Kxg4 45. Kd4 Kxh5 46. Ke3
Kg4 47. Ke4 h5 48. Ke3 Kg3 0-1

[Event "Titled Tue 3rd Jan Late"]
[Site "chess.com INT"]
[Date "2025.06.03"]
[Round "6"]
[White "Sivakumar, Ashvin"]
[Black "Molinaroli, Martin"]
[Result "1-0"]
[WhiteTitle "FM"]
[BlackTitle "FM"]
[WhiteElo "2175"]
[BlackElo "2161"]
[WhiteFideId "5804655"]
[BlackFideId "4606604"]
[EventDate "2025.06.03"]

1. Nf3 Nf6 2. c4 c5 3. Nc3 g6 4. e3 Bg7 5. d4 O-O 6. Be2 d6 7. O-O cxd4 8. exd4
Nc6 9. h3 Bf5 10. Be3 Ne4 11. Rc1 Nxc3 12. Rxc3 Rc8 13. a3 Be4 14. Rc1 e5 15. d5
Bxf3 16. Bxf3 Nd4 17. Be2 b6 18. Kh1 f5 19. f4 Qe7 20. Bg1 Rfe8 21. fxe5 dxe5
22. b4 Qh4 23. c5 bxc5 24. bxc5 Red8 25. d6 Nxe2 26. Qxe2 e4 27. Rfd1 Qf6 28.
Qc4+ Kh8 29. Qd5 h6 30. c6 f4 31. Bd4 Qf5 32. Bxg7+ Kxg7 33. Qd4+ Kh7 34. Qxa7+
Kh8 35. Qd4+ Kh7 36. Rc5 Qe6 37. Re5 1-0

[Event "Titled Tue 3rd Jan Late"]
[Site "chess.com INT"]
[Date "2025.06.03"]
[Round "6"]
[White "Dudin, Gleb"]
[Black "Bortnyk, Olexandr"]
[Result "0-1"]
[WhiteTitle "GM"]
[BlackTitle "GM"]
[WhiteElo "2564"]
[BlackElo "2601"]
[WhiteFideId "34184934"]
[BlackFideId "14120828"]
[EventDate "2025.06.03"]

1. Nf3 Nf6 2. g3 b6 3. Bg2 Bb7 4. O-O g6 5. c4 Bg7 6. Nc3 O-O 7. b3 e6 8. Bb2 d5
9. d4 Na6 10. Ne5 Qe7 11. Rc1 c5 12. cxd5 exd5 13. e3 Rfd8 14. Re1 Ne4 15. Qe2
Nb4 16. a3 Bxe5 17. axb4 cxd4 18. exd4 Bxd4 19. Nxd5 Rxd5 20. Qxe4 Bxf2+ 21. Kf1
Qxe4 22. Rxe4 Rd2 23. Bc3 Ba6+ 24. Rc4 Rad8 25. Bxd2 Rxd2 26. Bf3 Be3 27. Be2
Rxe2 28. b5 Bxb5 29. Rc8+ Kg7 0-1

[Event "Titled Tue 3rd Jan Late"]
[Site "chess.com INT"]
[Date "2025.06.03"]
[Round "6"]
[White "Deichmann, Esteban Horacio"]
[Black "Vifleemskaia, Svetlana"]
[Result "1-0"]
[BlackTitle "WFM"]
[WhiteElo "2085"]
[BlackElo "1942"]
[WhiteFideId "167410"]
[BlackFideId "4129490"]
[EventDate "2025.06.03"]

1. e4 e5 2. Nf3 Nc6 3. d4 exd4 4. Bc4 Nf6 5. O-O Nxe4 6. Re1 d5 7. Bxd5 Qxd5 8.
Nc3 Qa5 9. Rxe4+ Be6 10. Nxd4 Nxd4 11. Qxd4 Qc5 12. Qa4+ c6 13. Be3 Qf5 14. Rf4
Qe5 15. Rd1 Be7 16. g3 O-O 17. Bd4 Qh5 18. Be3 a5 19. Qe4 Rad8 20. Re1 Bb4 21.
Rh4 Qg6 22. Qxg6 hxg6 23. Bd4 g5 24. Rhe4 Bf5 25. Re5 Bxc2 26. Bb6 Rd2 27. Rxg5
Bg6 28. a3 Bxc3 29. bxc3 Rc2 30. Bd4 Rd8 31. Re7 Rf8 32. h4 1-0

[Event "Titled Tue 3rd Jan Late"]
[Site "chess.com INT"]
[Date "2025.06.03"]
[Round "6"]
[White "Thorhallsson, Simon"]
[Black "Odegov, Artem"]
[Result "0-1"]
[WhiteTitle "FM"]
[BlackTitle "FM"]
[WhiteElo "2218"]
[BlackElo "2244"]
[WhiteFideId "2310090"]
[BlackFideId "34183644"]
[EventDate "2025.06.03"]

1. g3 h5 2. Nf3 Nc6 3. d4 d5 4. c4 Nf6 5. Nc3 h4 6. cxd5 Nxd5 7. Nxh4 e5 8. dxe5
Be6 9. Nf3 Bb4 10. Bd2 Qe7 11. Nxd5 Bxd5 12. Bxb4 Nxb4 13. Bg2 O-O-O 14. Qa4 Bc6
15. Qb3 g5 16. O-O g4 17. Nh4 Bxg2 18. Kxg2 Nc6 19. Rfd1 Qxe5 20. Rxd8+ Rxd8 21.
Qxf7 Qxe2 22. Rc1 Qxb2 23. Qf5+ Kb8 24. Rc2 Qb4 25. Ng6 a6 26. Re2 Nd4 27. Qf6
Rd6 28. Qf8+ Ka7 29. Re8 Qc4 30. Ra8+ Kb6 31. Ne7 Ka5 32. Qf4 Qe2 33. Nf5 Qf3+
34. Qxf3 gxf3+ 35. Kh3 Nxf5 36. Kg4 Nd4 37. h4 Re6 38. h5 c5 39. h6 Rxh6 40. Rd8
Kb5 41. Rd5 Rh2 42. Rg5 Rxf2 0-1

[Event "Titled Tue 3rd Jan Late"]
[Site "chess.com INT"]
[Date "2025.06.03"]
[Round "6"]
[White "Arakelyan, Manvel"]
[Black "Aliyev, Elnur"]
[Result "1-0"]
[WhiteTitle "FM"]
[BlackTitle "CM"]
[WhiteElo "2326"]
[BlackElo "2155"]
[WhiteFideId "13317415"]
[BlackFideId "13402617"]
[EventDate "2025.06.03"]

1. d4 Nf6 2. Nf3 g6 3. g3 Bg7 4. Bg2 O-O 5. O-O d6 6. c4 c6 7. Nc3 Bf5 8. Ng5 e5
9. e4 Bg4 10. f3 exd4 11. Qxd4 Bc8 12. Rd1 h6 13. Nh3 Bxh3 14. Bxh3 Nbd7 15.
Qxd6 Qb6+ 16. Qd4 Ne5 17. Kg2 Rad8 18. Qxb6 axb6 19. b3 Rxd1 20. Nxd1 Nd3 21.
Rb1 Ra8 22. a4 b5 23. cxb5 cxb5 24. Nc3 bxa4 25. bxa4 Ng4 26. Bxg4 Bxc3 27. Bd7
Nxc1 28. Rxc1 Bd4 29. Rc7 b6 30. Bc6 1-0